Maravikkalathe ormakal/ (Record no. 144438)

000 -LEADER
fixed length control field 00334nam a22001457a 4500
082 ## - DEWEY DECIMAL CLASSIFICATION NUMBER
Classification number M1
Item number ADI/M
100 ## - MAIN ENTRY--AUTHOR NAME
Personal name Adithyan
245 ## - TITLE STATEMENT
Title Maravikkalathe ormakal/
Statement of responsibility, etc by Adithyan
260 ## - PUBLICATION, DISTRIBUTION, ETC. (IMPRINT)
Place of publication
Name of publisher Adithyan
Year of publication 2019.
300 ## - PHYSICAL DESCRIPTION
Number of Pages 64p.
650 ## - SUBJECT ADDED ENTRY--TOPICAL TERM
Topical Term Poetry Malayalam
650 ## - SUBJECT ADDED ENTRY--TOPICAL TERM
Topical Term Literature Malayalam
650 ## - SUBJECT ADDED ENTRY--TOPICAL TERM
Topical Term Literature
942 ## - ADDED ENTRY ELEMENTS (KOHA)
Koha item type Book
Holdings
Withdrawn status Lost status Damaged status Not for loan Permanent Location Current Location Shelving location Date acquired Cost, normal purchase price Full call number Accession Number Price effective from Koha item type
        Sree Sankaracharya University of Sanskrit Sree Sankaracharya University of Sanskrit Stacks 14.01.2020 70.00 M1 ADI/M 098579 14.01.2020 Book